| 000 | 00344nam a2200133Ia 4500 | ||
|---|---|---|---|
| 005 | 20251222155203.0 | ||
| 008 | 251222s9999||||xx |||||||||||||| ||spa|| | ||
| 082 | _aMEQ. 32.92.1 | ||
| 100 | _aCli. Enf. Norteam. | ||
| 245 | 0 | _aSistemas Innovadores Proporcionar Cuid. Inten | |
| 250 | _a1ra. ed. | ||
| 264 | _bInteramericana S.A. | ||
| 942 | _cLIB | ||
| 999 |
_c40024 _d40024 |
||